| 000 | 01134nam a22002537i 4500 | ||
|---|---|---|---|
| 001 | 1812211 | ||
| 005 | 19840322000000.0 | ||
| 008 | 790504s1978 nyu |d 000 0 eng d | ||
| 040 |
_aDLC _cDLC _dDLC |
||
| 082 |
_222 _a320..549096 _bPAN |
||
| 245 | 1 | 0 |
_aPan-Africanism and the Liberation of Southern Africa : _bA Tribute to W.E.B. DuBois / _cEdited by John Henrik Clarke. |
| 260 |
_aNew York : _bAfrican Heritage Studies Association, _c1978 |
||
| 300 |
_a79 p. ; _c22 cm. |
||
| 500 | _aDonated by: dr. Alaa Abdel Ghany | ||
| 504 | _aBibliography:p.75-79 | ||
| 600 |
_99952 _aDu Bois, W. E. B. _d--1868-1963. _q--(William Edward Burghardt), |
||
| 650 |
_99923 _aPan-Africanism _x--History _y--20th century |
||
| 651 |
_99940 _aAfrica _v--Politics and government _x--1960- |
||
| 700 |
_99949 _aClarke, John Henrik, _d1915-1998. |
||
| 710 |
_99950 _aAfrican Heritage Studies Association |
||
| 710 |
_99951 _aUnited Nations Centre Against Apartheid |
||
| 942 |
_2ddc _cBB |
||
| 999 |
_c13041 _d13041 |
||